000 00534nam a2200205Ia 4500
003 OSt
005 20230530145900.0
008 210423s2001 xx 000 0 und d
020 _a195602269
040 _cAL
041 _aeng
082 _a822.914 KART
100 _aKARNAD (Girish)
_9117080
245 _aTughlaq: a play in thirteen scenes
260 _aChennai
_bOxford University Press
_c2001
300 _ax,86
_bPB
650 _aEnglish Drama
_9117081
906 _aplay ; scenes ; thirteen ; Tughlaq:
942 _2ddc
_cBK
999 _c168441
_d168441